LDR 00904naa#a2200205#i#450# 001 RU\\bibl\126636 005 20260704004546.6 011 ## _a2587-6740 100 ## _a20260615b2026####ek#y0rusy0150####ca 102 ## _aRU 200 1# _aОбоснование агротехнологий и систем земледелия при выращивании риса в Республике Гана _eЖурнальная статья 210 1# _aМосква _cЭлектронная наука _d2026 215 ## _a3 с. 608 ## _aЖурнальная статья _2local 675 ## _aСельскохозяйственная мелиорация. 631.6 _z 700 #1 _aНартей _gДжозеф 700 #1 _aПриходько _gИгорь Александрович 700 #1 _aБолдырева _gЛеся Михайловна 700 #1 _aКлименко _gВалерия Евгеньевна 856 4# _aqje.su _u